Estructura fiscal de Colombia y ajustes requeridos (2012-2020) / (Registro nro. 8408)

Detalles MARC
000 -LEADER
fixed length control field 03595nam a2200289Ia 4500
003 - CONTROL NUMBER IDENTIFIER
control field OSt
005 - DATE AND TIME OF LATEST TRANSACTION
control field 20210824153451.0
008 - FIXED-LENGTH DATA ELEMENTS--GENERAL INFORMATION
fixed length control field 210310t2013 ck ad fr 010 0dspa d
020 ## - INTERNATIONAL STANDARD BOOK NUMBER
International Standard Book Number 9789585704237
040 ## - CATALOGING SOURCE
Original cataloging agency CO-JMCR
Transcribing agency CO-JMCR
041 0# - LANGUAGE CODE
Language code of text/sound track or separate title spa
082 04 - DEWEY DECIMAL CLASSIFICATION NUMBER
Classification number 336.012861 /
Item number C617e
Edition number 23
100 1# - MAIN ENTRY--PERSONAL NAME
Personal name Clavijo, Sergio,
9 (RLIN) 17184
Relator term autor
245 10 - TITLE STATEMENT
Title Estructura fiscal de Colombia y ajustes requeridos (2012-2020) /
Statement of responsibility, etc. Sergio Clavijo, Alejandro Vera, Nelson Vera
260 ## - PUBLICATION, DISTRIBUTION, ETC.
Place of publication, distribution, etc. Bogotá :
Name of publisher, distributor, etc. ANIF,
Date of publication, distribution, etc. ©2013
300 ## - PHYSICAL DESCRIPTION
Extent 246 páginas :
Other physical details ilustraciones y gráficas a blanco y negro ;
Dimensions 22 cm.
500 ## - GENERAL NOTE
General note Incluye datos biográficos de los autores.
504 ## - BIBLIOGRAPHY, ETC. NOTE
Bibliography, etc. note Bibliografía: páginas [241]-246
505 0# - FORMATTED CONTENTS NOTE
Formatted contents note Análisis de las presione estructurales de gasto -- Análisis por el lado de los ingresos -- Simulaciones Fiscales de Mediano Plazo (2012-2020)
520 3# - SUMMARY, ETC.
Summary, etc. Este escrito nació gracias al Premio Germán Botero de los Rios del año 2011, el cual nos permitió sentar las bases históricas (1990-2011) y prospectivas (2012-2020) del análisis fiscal que hoy divulgamos a través de este libro.<br/>A lo largo del año 2012 fuimos perfeccionando y actualizando los efectos de los cambios legislativos, principalmente en lo relativo a: i) la financiación de la salud, donde la Corte Constitucional ha puesto nuevamente presión sobre el Ejecutivo para acelerar las tareas de universalización y homologación de los servicios; ii) las reasignaciones de gasto en materia de regalías, una vez conocida la Ley 1530 de 2012, que reglamentó la reforma constitucional de 2011, y el presupuesto bianual de regalías del período 2013-2014; iii) las proyecciones de gastos en infraestructura resultantes de la recién creada ANI (Ley 1444 de 2011) y del ambicioso programa anunciado por valor de $40 billones; iv) las precisiones en materia de aplicación de la Regla Fiscal, según la Ley 1473 de 2011; y v) la reciente aprobación de la reforma tributaria de la Ley 1607 de 2012, que incluyó valiosos elementos estructurales (como la sustitución de fuentes de financiamiento de los parafiscales laborales y una mayor progresividad en el Imporrenta de personas naturales), pero cuya solución terminó siendo subóptima y carente de incrementos significativos en el recaudo neto total, como lo amerita la situación actual del país.<br/>Queremos expresar aquí nuestra gratitud con Fedesarrollo, como entidad administradora del Premio Germán Botero de los Rios. En particular, nuestros agradecimientos especiales van para Roberto Steiner (director de Fedesarrollo en 2011, cuando se nos adjudicó el Premio Germán Botero de los Ríos) y para Armando Montenegro y Alberto Carrasquilla, quienes estimula ron nuestro trabajo con importantes comentarios a través de este largo proceso. También estamos en deuda con Leonardo Villar (quien asumió la Dirección de Fedesarrollo a partir de 2012) por habernos copatrocinado la extensión y publicación de este trabajo y así haber podido incluir los aconteceres nacionales recientes del período julio-2011 a diciembre de 2012. La obra que aquí entregamos encierra entonces casi tres años de arduos trabajos referidos al seguimiento fiscal del país, cuyo resultado esperamos contribuya a consolidar el buen desempeño fiscal y social de Colombia.
586 ## - AWARDS NOTE
Awards note Premio a la investigación "Germán Botero de los Ríos" Fedesarrollo
650 14 - SUBJECT ADDED ENTRY--TOPICAL TERM
Topical term or geographic name entry element Gastos públicos
9 (RLIN) 17186
Geographic subdivision Colombia
650 24 - SUBJECT ADDED ENTRY--TOPICAL TERM
Topical term or geographic name entry element Política fiscal
Geographic subdivision Colombia
9 (RLIN) 6903
700 1# - ADDED ENTRY--PERSONAL NAME
Personal name Vera, Alejandro,
Relator term autor
9 (RLIN) 4755
700 1# - ADDED ENTRY--PERSONAL NAME
Personal name Vera, Nelson,
Relator term autor
9 (RLIN) 6516
942 ## - ADDED ENTRY ELEMENTS (KOHA)
Source of classification or shelving scheme Dewey Decimal Classification
Koha item type Books
Existencias
Withdrawn status Lost status Source of classification or shelving scheme Damaged status Not for loan Collection code Home library Current library Date acquired Source of acquisition Full call number Barcode Date last seen Copy number Koha item type Total Checkouts Price effective from
    Dewey Decimal Classification     Non-fiction Biblioteca Pública José María del Castillo y Rada Biblioteca Pública José María del Castillo y Rada 04/15/2018 Donación 336.012861 / C617e 430006365 05/16/2024 Ej.1 Books    
    Dewey Decimal Classification     Non-fiction Biblioteca Pública José María del Castillo y Rada Biblioteca Pública José María del Castillo y Rada 04/15/2018 Donación 336.012861 / C617e 430006366 05/16/2024 Ej.2 Books   08/24/2021